The magic school bus has a heart / (Record no. 3887)

MARC details
000 -LEADER
fixed length control field 01017nam a22002897a 4500
001 - CONTROL NUMBER
control field 3887
003 - CONTROL NUMBER IDENTIFIER
control field FISKH
005 - DATE AND TIME OF LATEST TRANSACTION
control field 20240614102639.0
008 - FIXED-LENGTH DATA ELEMENTS--GENERAL INFORMATION
fixed length control field 240521b cb ||||| |||| 00| 0 eng d
020 ## - INTERNATIONAL STANDARD BOOK NUMBER
International Standard Book Number 9780439684026
040 ## - CATALOGING SOURCE
Original cataloging agency FISKH
Language of cataloging eng
Transcribing agency FISKH
Modifying agency FISKH
050 ## - LIBRARY OF CONGRESS CALL NUMBER
Classification number QP111.6
082 ## - DEWEY DECIMAL CLASSIFICATION NUMBER
Classification number 612.17
100 ## - MAIN ENTRY--PERSONAL NAME
Personal name Capeci, Anne
245 ## - TITLE STATEMENT
Title The magic school bus has a heart /
Statement of responsibility, etc. Written by Anne Capeci with consultation by Joanna Cole. Base on The Magic School Bus books written by Joanna Cole and illustrated by Bruce Degen.
260 ## - PUBLICATION, DISTRIBUTION, ETC.
Place of publication, distribution, etc. New York :
Name of publisher, distributor, etc. Scholastic,
Date of publication, distribution, etc. 2005.
300 ## - PHYSICAL DESCRIPTION
Extent 32 unnumbered pages :
Other physical details color illustrations ;
Dimensions 23 cm
490 ## - SERIES STATEMENT
Series statement The magic school bus
Volume/sequential designation Level 2
505 ## - FORMATTED CONTENTS NOTE
Formatted contents note J<br/>
520 ## - SUMMARY, ETC.
Summary, etc. A story about Ms. Frizzle's class teaches young readers about the human heart and circulatory system.
521 8# - TARGET AUDIENCE NOTE
Target audience note 490<br/>
Source Lexile <br/>
521 8# - TARGET AUDIENCE NOTE
Target audience note J<br/>
Source Raz-Plus <br/>
650 ## - SUBJECT ADDED ENTRY--TOPICAL TERM
Topical term or geographic name entry element Human Body
General subdivision Heart
700 ## - ADDED ENTRY--PERSONAL NAME
Personal name Degen, Bruce
Relator term illustrator
942 ## - ADDED ENTRY ELEMENTS (KOHA)
Source of classification or shelving scheme Dewey Decimal Classification
Koha item type Books
Suppress in OPAC No
Holdings
Withdrawn status Lost status Source of classification or shelving scheme Damaged status Not for loan Collection Home library Current library Shelving location Date acquired Total Checkouts Full call number Barcode Date last seen Date last checked out Copy number Price effective from Koha item type
    Dewey Decimal Classification     Non-Fiction Footprints International School Library Network Toul Kork Campus Footprints International School Library Network Toul Kork Campus TK Primary Library Room(4th Floor), Bookcase 1&2, Shelves 1-16, Dark Blue Books 05/21/2024 1 CAP 612.17 QP111.6 FISBK02738 04/23/2026 04/02/2026 1 05/21/2024 Books
    Dewey Decimal Classification     Non-Fiction Footprints International School Library Network Toul Kork Campus Footprints International School Library Network Toul Kork Campus TK Primary Library Room(4th Floor), Bookcase 1&2, Shelves 1-16, Dark Blue Books 06/14/2024 1 CAP 612.17 QP111.6 FISTK01908 09/09/2024 08/12/2024 2 06/14/2024 Books